[Event "LAT-LIT Match"]
[Site "Liepaja LAT"]
[Date "2005.08.14"]
[Round "1"]
[White "Kalvyte,V"]
[Black "Ni,V"]
[Result "0-1"]
[WhiteElo "2020"]
[BlackElo "2048"]

1.e4 c5 2.Nf3 e6 3.d4 cxd4 4.Nxd4 a6 5.Nc3 Qc7 6.Be2 Bc5 7.O-O Nf6 8.Nb3 Be7
9.Be3 d6 10.f4 Nbd7 11.Bf3 Rb8 12.Qe1 b5 13.a3 a5 14.Qg3 b4 15.axb4 axb4
16.Ra7 Rb7 17.Nb5 Qb8 18.Rxb7 Bxb7 19.Ba7 Qc8 20.e5 Nd5 21.Qxg7 Rf8 22.Bxd5 Bxd5
23.Nxd6+ Bxd6 24.exd6 Qc6 25.f5 Qxd6 26.fxe6 Bxe6 27.Nd4 Bc4 28.Re1+ Kd8
29.Qg5+ f6 30.Qa5+ Kc8 31.Nb5 Qc6 32.Nd4 Qd6 33.c3 Rg8 34.Qxb4 Qd5 35.g3 Ba6
36.b3 Bb7 37.Qc4+ Qxc4 38.bxc4 Ne5 39.c5 h5 40.Rf1 Rg6 41.Nf5 Kc7 42.Bb6+ Kd7
43.Rd1+ Ke6 44.Nh4 Rg8 45.Rd6+ Kf7 46.Nf5 Ra8 47.c6 Bxc6 48.Nd4 Ra1+ 49.Kf2 Ra2+
50.Ke3 Nc4+  0-1

[Event "79th Anniv CAP"]
[Site "Posadas ARG"]
[Date "2005.08.14"]
[Round "5"]
[White "Crotti,L"]
[Black "Caro,E"]
[Result "0-1"]
[WhiteElo "1983"]
[BlackElo "2215"]

1.e4 c5 2.Nc3 e6 3.Nf3 a6 4.d4 cxd4 5.Nxd4 Qc7 6.Be2 b5 7.a3 Bb7 8.O-O b4
9.axb4 Bxb4 10.Na4 Nf6 11.Bf3 d5 12.exd5 Nxd5 13.Bg5 Nd7 14.c4 N5f6 15.Bxb7 Qxb7
16.c5 Bxc5 17.Bxf6 gxf6 18.Nxc5 Nxc5 19.b4 Nd7 20.Re1 O-O 21.Ra3 Kh8 22.f4 Rg8
23.Qd2 Nb6 24.Rh3 Qd5 25.Qf2 Rg4 26.Nf3 Rag8 27.Qxb6 Rxg2+ 28.Kh1 Rxh2+  0-1

[Event "FSGM August"]
[Site "Budapest HUN"]
[Date "2005.08.15"]
[Round "10"]
[White "Meszaros,T"]
[Black "Seres,L"]
[Result "1-0"]
[WhiteElo "2408"]
[BlackElo "2429"]

1.e4 c5 2.Nf3 e6 3.d4 cxd4 4.Nxd4 a6 5.Nc3 Qc7 6.Be2 Nf6 7.O-O Bb4 8.Qd3 d6
9.Ncb5 Qd7 10.c3 Bc5 11.b4 Bb6 12.Nxe6 Qxe6 13.Nxd6+ Ke7 14.e5 Qxe5 15.Nc4 Qc7
16.Nxb6 Qxb6 17.Be3 Qc7 18.Bc5+ Ke8 19.Bd6 Qb6 20.Qg3 Nbd7 21.Bc4 Kd8 22.Rad1 Re8
23.Qxg7 Ne4 24.Qh6 f6 25.Bf4 a5 26.Bf7 axb4 27.Bxe8 Kxe8 28.Rfe1 f5 29.Qxb6 Nxb6
30.f3 bxc3 31.fxe4 Rxa2 32.exf5+ Kf7 33.Bg5 Nd5 34.Re5 Nf6 35.Rc5 Bd7 36.Rc7  1-0

[Event "ch-AUT Qualifier"]
[Site "Gmunden AUT"]
[Date "2005.08.15"]
[Round "3"]
[White "Sepetavc,W"]
[Black "Holzer,G"]
[Result "0-1"]
[WhiteElo "2063"]
[BlackElo "2276"]

1.e4 c5 2.Nf3 e6 3.d4 cxd4 4.Nxd4 a6 5.Nc3 Qc7 6.Bd3 Nf6 7.O-O b5 8.a3 Bb7
9.Be3 d6 10.f4 Nbd7 11.Qf3 Be7 12.Rac1 O-O 13.g4 g6 14.g5 Nh5 15.Qh3 Qd8
16.Be2 Ng7 17.Qh6 Re8 18.Rf3 Nh5 19.Rh3 Bf8 20.Rxh5 Bxh6 21.Rxh6 Nc5 22.Bf3 e5  0-1

[Event "ch-AUT"]
[Site "Gmunden AUT"]
[Date "2005.08.16"]
[Round "6"]
[White "Lehner,O"]
[Black "Sommerbauer,N"]
[Result "1/2-1/2"]
[WhiteElo "2428"]
[BlackElo "2427"]

1.e4 c5 2.Nf3 e6 3.d4 cxd4 4.Nxd4 a6 5.Nc3 Qc7 6.Bd3 Nc6 7.Nxc6 dxc6 8.O-O e5
9.Kh1 Nf6 10.a4 Be6 11.Qe2 Bc5 12.f4 Rd8 13.f5 Bc8 14.a5 Bb4 15.Bd2 Bxa5
16.Rf3 Bb6 17.Rg3 Rg8 18.Nd1 Bc5 19.Ne3 Bxe3 20.Rxe3 c5 21.b4 Rd4 22.bxc5 Bd7
23.Bc3 Ra4 24.Rxa4 Bxa4 25.Bb4 Qc6 26.Qe1 Bb5 27.c4 Ba4 28.Qa1 Nd7 29.Re2 a5
30.Bxa5 f6 31.Bb4 Kf7 32.Ra2 Ra8 33.Bc2 Bxc2 34.Rxa8 Qxe4 35.Rd8 Qxf5 36.Kg1 Be4
37.Qd1 Bc6 38.h3 Ke7 39.Ba5 h5 40.Rh8 Qe4 41.Bd8+ Kf7 42.Qxh5+ g6 43.Qg4 Qxg4
44.hxg4 Nxc5 45.g5 fxg5 46.Bxg5 Ne4 47.Be3 Nd6 48.c5 Nf5 49.Bf2 e4 50.g4 e3
51.gxf5 exf2+ 52.Kxf2 gxf5 53.Ke3 Ke6 54.Kd4 Be4 55.Rd8 Kf6 56.Rd6+ Kg5 57.Ke5 Kg4
58.Rg6+ Kf3 59.Rg7 Ke3 60.Rg3+ Kf2 61.Rb3 Ke2 62.Kd4 Bc6 63.Rb2+ Kf3 64.Ke5 Be4
65.Rxb7  1/2-1/2

[Event "14th Open"]
[Site "Kavala GRE"]
[Date "2005.08.16"]
[Round "6"]
[White "Stoumbos,K"]
[Black "Karayannis,A"]
[Result "0-1"]
[WhiteElo "2114"]
[BlackElo "2387"]

1.e4 c5 2.Nf3 e6 3.d4 cxd4 4.Nxd4 a6 5.Nc3 Qc7 6.Be3 Bb4 7.Qd3 Nf6 8.O-O-O Bxc3
9.bxc3 d5 10.exd5 Nxd5 11.Nf5 exf5 12.Qxd5 O-O 13.Bd3 Be6 14.Qf3 Qxc3 15.Qxb7 Nc6
16.Qb2 Qa5 17.Bd2 Qa4 18.Bc3 Rab8 19.Qa1 Nb4 20.Bxg7 Rfc8 21.Kd2 Rxc2+ 22.Bxc2 Qxc2+
23.Ke3 Qe4+ 24.Kd2 Qd3+  0-1

[Event "Masters"]
[Site "Abu Dhabi UAE"]
[Date "2005.08.17"]
[Round "4"]
[White "Nadig,K"]
[Black "Marwan,A"]
[Result "1/2-1/2"]
[WhiteElo "2198"]
[BlackElo "1983"]

1.e4 c5 2.Nf3 e6 3.d4 cxd4 4.Nxd4 a6 5.Nc3 Qc7 6.Bd3 b5 7.O-O Bb7 8.Qe2 d6
9.a4 b4 10.Nd1 Be7 11.a5 Nf6 12.c3 bxc3 13.Nxc3 Nbd7 14.Bd2 Ne5 15.Rfc1 Nxd3
16.Qxd3 Qd8 17.f3 Nd7 18.Na4 Nc5 19.Qc4 O-O 20.Nb6 d5 21.Qc3 Ra7 22.e5 Nd7
23.Be3 Nxe5 24.Nxe6 Nxf3+ 25.gxf3 fxe6 26.Qe5 Kh8 27.Bc5 Bxc5+ 28.Rxc5 Rxf3
29.Rc7 Rf6 30.Ra3 d4 31.Rg3 Qf8 32.Qe1 Rf7 33.Rxf7 Qxf7 34.Qe5 Bc6 35.Qb8+ Be8
36.Rf3 Qg6+ 37.Kf2 h5 38.Rf8+ Kh7 39.Qxe8 Qc2+ 40.Kg3 h4+ 41.Kh3 Qd3+ 42.Kxh4 g5+
43.Kg4 Qe4+ 44.Kg3 Qe3+ 45.Kg2 Qe2+ 46.Kg1 Qd1+ 47.Rf1 Qg4+ 48.Kf2 Rc7 49.Nc4 Rxc4
50.Qf7+ Kh6 51.Qf6+ Kh5 52.Qh8+ Kg6 53.Qg8+ Kh6 54.Qh8+ Kg6 55.Qg8+  1/2-1/2

[Event "Ada Open"]
[Site "Belgrade SCG"]
[Date "2005.08.18"]
[Round "4"]
[White "Brakus,D"]
[Black "Gazivoda,M"]
[Result "1-0"]
[WhiteElo "2062"]
[BlackElo "2141"]

1.e4 c5 2.Nf3 e6 3.d4 cxd4 4.Nxd4 a6 5.Nc3 Qc7 6.a3 Nc6 7.Be3 Nf6 8.Be2 Be7
9.O-O O-O 10.f4 d6 11.g4 d5 12.e5 Nxd4 13.Bxd4 Nd7 14.Bf3 f6 15.exf6 Nxf6
16.Qd2 Bd6 17.f5 exf5 18.Nxd5 Nxd5 19.Bxd5+ Kh8 20.g5 f4 21.c4 Bh3 22.Rf2 Rae8
23.Qc3 Bc8 24.b4 Be5 25.h4 Bxd4 26.Qxd4 f3 27.Rxf3 Rxf3 28.Bxf3 Qg3+ 29.Bg2 Bh3
30.Qf2 Qxg2+ 31.Qxg2 Bxg2 32.Kxg2 Re4 33.Rd1 Kg8 34.Rd8+ Kf7 35.Rd7+ Kg6
36.Rxb7 Rxc4 37.Rb6+ Kh5 38.Rxa6 Kg4 39.Kf2 Kxh4 40.b5 Kxg5 41.b6 Kf4 42.Ke2 Ke5
43.Kd3 Rc1 44.a4 Kd6 45.Ra7 Rb1 46.a5 h5 47.b7 h4 48.a6 h3 49.Ra8 h2 50.Rh8 Kc7
51.Rxh2  1-0

[Event "15th ch-SLO"]
[Site "Ptuj SLO"]
[Date "2005.08.19"]
[Round "9"]
[White "Mitrovic,B"]
[Black "Zorko,Ju"]
[Result "0-1"]
[WhiteElo "2077"]
[BlackElo "2335"]

1.e4 c5 2.Nf3 e6 3.d4 cxd4 4.Nxd4 a6 5.Nc3 b5 6.Bd3 Qb6 7.Nb3 Qc7 8.Be3 Nf6
9.O-O Bb7 10.a3 d6 11.f4 Nbd7 12.Kh1 g6 13.Qf3 Be7 14.Rae1 Rc8 15.Qg3 h5
16.e5 dxe5 17.fxe5 Qxe5 18.Bf4 h4 19.Bxe5 hxg3 20.Bxg3 Nh5 21.Bf2 Nc5 22.Nxc5 Bxc5
23.Bxc5 Rxc5 24.Kg1 Ke7 25.Ne4 Re5 26.Nd2 Rxe1 27.Rxe1 Rd8 28.Nf3 Bxf3 29.gxf3 Nf4
30.Rd1 Nxd3 31.cxd3 Rc8 32.Rd2 Kd6 33.Kf2 Kd5 34.Ke3 Rc1 35.Rg2 e5 36.Kd2 Rf1
37.Ke2 Rh1 38.Ke3 Re1+ 39.Kd2 Rb1 40.Ke3 a5 41.d4 exd4+ 42.Kd3 b4 43.Rg5+ f5
44.axb4 axb4 45.Kc2 Rf1 46.Rxg6 Rxf3 47.Rb6 Kc5 48.Rb8 d3+ 49.Kd2 Kc4 50.h4 Rf2+
51.Ke3 Re2+ 52.Kf3 Re4 53.h5 Rh4 54.Ke3 Rh3+ 55.Kd2 Rh2+ 56.Ke3 Rxh5 57.Rc8+ Kb3
58.Kxd3 Rh3+ 59.Kd2 Kxb2  0-1

[Event "ch-AUT"]
[Site "Gmunden AUT"]
[Date "2005.08.20"]
[Round "10"]
[White "Kindermann,S"]
[Black "Stanec,N"]
[Result "1/2-1/2"]
[WhiteElo "2546"]
[BlackElo "2566"]

1.e4 c5 2.Nf3 e6 3.d4 cxd4 4.Nxd4 a6 5.Nc3 d6 6.Be2 Nc6 7.Be3 Nf6 8.O-O Be7
9.a4 O-O 10.f4 Qc7 11.Kh1 Nxd4 12.Qxd4 e5 13.Qd2 exf4 14.Bxf4 Be6 15.Rfd1 Rad8
16.h3 Rfe8 17.a5 Qc8 18.Qe3 d5 19.e5  1/2-1/2

[Event "2nd Dato' Arthur Tan Malaysian Open"]
[Site "Kuala Lumpur MAS"]
[Date "2005.08.20"]
[Round "2"]
[White "Tirto"]
[Black "Koneru,H"]
[Result "0-1"]
[WhiteElo "2370"]
[BlackElo "2531"]

1.e4 c5 2.Nf3 e6 3.d4 cxd4 4.Nxd4 a6 5.Nc3 Qc7 6.Bd3 Nf6 7.O-O d6 8.Kh1 Nbd7
9.f4 Be7 10.Qe2 Nc5 11.e5 Nfd7 12.f5 Nxe5 13.fxe6 Bxe6 14.Nxe6 fxe6 15.Qh5+ g6
16.Qh3 Ncxd3 17.cxd3 Qd7 18.Bh6 O-O-O 19.Bg7 Rhe8 20.Bxe5 dxe5 21.Qxh7 g5
22.Rac1 Kb8 23.Rf7 Qd6 24.Re1 Rh8 25.Qe4 Rh4 26.Qe3 Rdh8 27.h3 g4 28.Ne4 Qd8
29.Nf2 gxh3 30.Nxh3 Ka8 31.Ref1 Qd5 32.Kh2 Bd6 33.Rd7 e4+ 34.Kg1 exd3 35.Nf4 Bxf4  0-1

[Event "ch-SCG jr"]
[Site "Vrnjacka Banja SCG"]
[Date "2005.08.20"]
[Round "10"]
[White "Nadj Hedjesi,B"]
[Black "Lapcevic,M"]
[Result "1-0"]
[WhiteElo "2357"]
[BlackElo "2269"]

1.e4 c5 2.Nc3 e6 3.Nf3 a6 4.d4 cxd4 5.Nxd4 Qc7 6.g3 Nc6 7.Bg2 d6 8.O-O Bd7
9.b3 Nxd4 10.Qxd4 Be7 11.Bb2 Bf6 12.Qe3 Rc8 13.Nd1 b5 14.Rc1 Bxb2 15.Nxb2 Qc3
16.Nc4 Rxc4 17.bxc4 Qxe3 18.fxe3 bxc4 19.Rb1 Ne7 20.Rb6 Nc6 21.Rxa6 Ke7 22.Rb1 Rb8
23.Rxb8 Nxb8 24.Ra8 Nc6 25.c3 Ne5 26.a4 Bc6 27.Ra7+ Kd8 28.Bf1 Kc8 29.a5 Kb8
30.Ra6 Kc7 31.Rb6 Bb7 32.Rb4 Ba6 33.Be2 g6 34.Kf2 Nc6 35.Rb6 Bb7 36.Rb4 Nxb4
37.cxb4 c3 38.Bd3 Ba6 39.Bc2 f5 40.exf5 gxf5 41.Ke1 d5 42.Kd1 Bc4 43.Bb1 Bb3+
44.Kc1 Kc6 45.Bc2  1-0

[Event "Masters"]
[Site "Abu Dhabi UAE"]
[Date "2005.08.21"]
[Round "7"]
[White "Iuldachev,S"]
[Black "Sale,S"]
[Result "1-0"]
[WhiteElo "2541"]
[BlackElo "2437"]

1.e4 c5 2.Nc3 e6 3.Nf3 a6 4.d4 cxd4 5.Nxd4 Qc7 6.Be3 Nf6 7.f3 Bb4 8.Ne2 d5
9.e5 Nfd7 10.f4 Nc6 11.a3 Ba5 12.Nd4 Bxc3+ 13.bxc3 Ne7 14.Bd2 Nc5 15.Bd3 Bd7
16.O-O Ne4 17.Bxe4 dxe4 18.Qe2 Bc6 19.c4 Rd8 20.Qf2 O-O 21.Bb4 Rfe8 22.Rad1 Nf5
23.Nxf5 exf5 24.Bd6 Qa5 25.Qe3 Rc8 26.c5 Re6 27.g4 fxg4 28.f5 Rh6 29.e6 fxe6
30.fxe6 Rxe6 31.Qb3 Bd7 32.Qxb7 Rxd6 33.cxd6 Qc5+ 34.Rf2 e3 35.Qb3+ Kh8 36.Re2 g3
37.hxg3 Qh5 38.Rde1 Bc6 39.Rh2 Qg6 40.Rxe3 Qxd6 41.Qd3 Qxd3 42.Rxd3 Kg8 43.Rc3 h6
44.Rd2 Kf7 45.Rd6 Bb7 46.Rxc8 Bxc8 47.Kf2  1-0

[Event "Rudenko mem"]
[Site "St Petersburg RUS"]
[Date "2005.08.21"]
[Round "2"]
[White "Bezgodova,M"]
[Black "Deriabina,S"]
[Result "0-1"]
[WhiteElo "1936"]
[BlackElo "2096"]

1.e4 c5 2.Nf3 e6 3.d4 cxd4 4.Nxd4 a6 5.Nc3 Qc7 6.Be2 Bb4 7.Bd2 Nf6 8.f3 Nc6
9.Nb3 O-O 10.a3 Bd6 11.g3 Be5 12.Bd3 d5 13.Qe2 dxe4 14.fxe4 b5 15.Rf1 Bb7
16.g4 b4 17.axb4 Nxb4 18.g5 Nd7 19.Rf3 f5 20.Rh3 g6 21.O-O-O a5 22.Bc4 Rae8
23.Nb5 Qd8 24.Bxb4 axb4 25.Nc5 Qxg5+ 26.Kb1 Nxc5 27.exf5 Qxf5 28.Qe3 Bf4
29.Bd3 Bxe3 30.Bxf5 exf5 31.Nd6 Re7  0-1

[Event "Masters"]
[Site "Abu Dhabi UAE"]
[Date "2005.08.23"]
[Round "9"]
[White "Pourkashiyan,A"]
[Black "Sale,S"]
[Result "0-1"]
[WhiteElo "2261"]
[BlackElo "2437"]

1.e4 c5 2.Nf3 e6 3.Nc3 a6 4.d4 cxd4 5.Nxd4 Qc7 6.Be2 Nf6 7.O-O Bb4 8.Qd3 Nc6
9.Nxc6 bxc6 10.f4 d5 11.e5 Nd7 12.Kh1 O-O 13.Qh3 f5 14.g4 a5 15.gxf5 exf5
16.Rg1 Ba6 17.Bf3 Nc5 18.Be3 Ne6 19.Ne2 Bxe2 20.Bxe2 Bc5 21.Bd3 Bxe3 22.Qxe3 Qa7
23.Qg3 Qd4 24.Raf1 Rab8 25.c3 Qa7 26.Rg2 Rb7 27.Qh3 Rbf7 28.Qh6 Re7 29.Rf3 Kh8
30.Qh5 Nc5 31.Rh3 h6 32.Bc2 Ne4 33.Qg6 Qc5 34.Rf3 Rc7 35.Qh5 Qb5 36.Bd3 Qa4
37.b3 Qa3 38.Rf1 Qc5 39.Rf3 Rcf7 40.c4 Qd4 41.h3 a4 42.Qh4 axb3 43.axb3 Ra7
44.Be2 dxc4 45.Bxc4 Nd2 46.Rfg3 Kh7 47.Be2 Ne4 48.Rd3 Qb4 49.Bh5 Nc5 50.Bg6+ Kh8
51.Rd6 Nxb3 52.Bh5 Nd4 53.Qf2 c5 54.e6 Qb8 55.Rd5 Nxe6 56.Re5 Qb3 57.Bd1 Qc4
58.Bc2 Ra2 59.Rxe6 Qxe6 60.Qxc5 Qf6 61.Rg3 Rd8 62.Qxf5 Qxf5 63.Bxf5 Rf2  0-1

[Event "Ada Open"]
[Site "Belgrade SCG"]
[Date "2005.08.23"]
[Round "9"]
[White "Cetkovic,B"]
[Black "Savic,Dragol"]
[Result "1-0"]
[WhiteElo "2281"]
[BlackElo "2127"]

1.e4 c5 2.Nf3 e6 3.d4 cxd4 4.Nxd4 a6 5.Nc3 Qc7 6.g3 Bb4 7.Ne2 Nf6 8.Bg2 Nc6
9.Bf4 d6 10.a3 Bxc3+ 11.Nxc3 e5 12.Be3 Be6 13.O-O b5 14.a4 b4 15.Nd5 Bxd5
16.exd5 Ne7 17.a5 Rb8 18.Bb6 Qc4 19.b3 Qb5 20.Bc7 Rc8 21.Bxd6 Nfxd5 22.Qg4 g6
23.Rfd1 h5 24.Qf3 Rd8 25.Bxe7 Nxe7 26.Rxd8+ Kxd8 27.Qf6 Re8 28.Qd6+ Kc8 29.Bf1  1-0

[Event "Caissa IM August II"]
[Site "Kecskemet HUN"]
[Date "2005.08.23"]
[Round "6"]
[White "Vasvari,T"]
[Black "Erdelyi,T"]
[Result "1-0"]
[WhiteElo "2203"]
[BlackElo "2278"]

1.e4 c5 2.Nf3 e6 3.d4 cxd4 4.Nxd4 a6 5.Nc3 Qc7 6.Be3 Bb4 7.Ne2 Nf6 8.a3 Bc5
9.Qd2 b5 10.f3 Be7 11.Bf4 d6 12.O-O-O e5 13.Bg5 Nbd7 14.Ng3 g6 15.Be2 Bb7
16.Nf1 O-O 17.h4 Rfc8 18.Ne3 Qa5 19.Kb1 Bf8 20.Nf1 Rxc3 21.Qxc3 Qxc3 22.bxc3 d5
23.Ne3 dxe4 24.fxe4 h6 25.Bxf6 Nxf6 26.Bf3 Bxe4 27.Kb2 Bxf3 28.gxf3 e4 29.Rhf1 Bg7
30.f4 Rc8 31.Rd4 Nh5 32.Rdd1 Rxc3 33.Nd5 e3 34.Nxc3 e2 35.Rd8+ Kh7 36.Re1 Nxf4
37.Kb3  1-0

[Event "41st Rubinstein Mem Open A"]
[Site "Polanica Zdroj POL"]
[Date "2005.08.23"]
[Round "5"]
[White "Bielczyk,J"]
[Black "Marszalek,Mac"]
[Result "1/2-1/2"]
[WhiteElo "2346"]
[BlackElo "2386"]

1.e4 c5 2.Nf3 e6 3.d4 cxd4 4.Nxd4 a6 5.Nc3 Qc7 6.Be2 Nf6 7.O-O Be7 8.f4 d6
9.Kh1 O-O 10.Qe1 Nc6 11.Be3 Nxd4 12.Bxd4 e5 13.fxe5 dxe5 14.Qg3 Bd6 15.Be3 Ne8
16.Nd5 Qxc2 17.Qf3 f5 18.Nb6 fxe4 19.Bc4+ Qxc4 20.Qxf8+ Bxf8 21.Nxc4 Be6
22.Nxe5 Bd6 23.Bf4 Rc8  1/2-1/2

[Event "Caissa IM August II"]
[Site "Kecskemet HUN"]
[Date "2005.08.24"]
[Round "7"]
[White "Bjerring,K"]
[Black "Vasvari,T"]
[Result "1/2-1/2"]
[WhiteElo "2309"]
[BlackElo "2203"]

1.e4 c5 2.Nf3 e6 3.Nc3 a6 4.d4 cxd4 5.Nxd4 b5 6.Be2 Bb7 7.Bf3 Nc6 8.Nxc6 Bxc6
9.Qe2 d6 10.a4 b4 11.Nd5 a5 12.O-O Be7 13.Nxe7 Nxe7  1/2-1/2

[Event "2nd Dato' Arthur Tan Malaysian Open"]
[Site "Kuala Lumpur MAS"]
[Date "2005.08.24"]
[Round "8"]
[White "Situru,N"]
[Black "Koneru,H"]
[Result "1-0"]
[WhiteElo "2382"]
[BlackElo "2531"]

1.e4 c5 2.Nf3 e6 3.d4 cxd4 4.Nxd4 a6 5.Nc3 Qc7 6.Be2 b5 7.O-O b4 8.Na4 Bb7
9.Bf3 Bd6 10.g3 Nf6 11.Re1 Nc6 12.c3 O-O 13.cxb4 Bxb4 14.Re2 Nxd4 15.Qxd4 Bd6
16.Qd1 Be5 17.Bg2 Qa5 18.Bd2 Qb5 19.Nc3 Qd3 20.Re3 Qd6 21.Qe2 Qb6 22.Rd3 Bc6
23.Be3 Qb7 24.Bd4 Bxd4 25.Rxd4 Ne8 26.f4 e5 27.fxe5 Qb8 28.Rf1 Qxe5 29.Qd2 Nc7
30.Rf5 Qe7 31.Nd5 Bxd5 32.exd5 Qd6 33.Qf4 Qb6 34.Qf2 Nb5 35.Rd2 Qg6 36.Bf1 Nd6
37.Re5 Qb1 38.Qd4 Rac8 39.Qd3 Qa1 40.Rf2 Nc4 41.Ref5 d6 42.b3 Ne5 43.Qxa6 Rc1
44.Qxd6 Ng4 45.Rxf7 Rxf1+ 46.Rxf1 Qd4+ 47.Kh1  1-0

[Event "VIII Bancpost & Ciuc-Premium A"]
[Site "Miercurea Ciuc ROM"]
[Date "2005.08.24"]
[Round "5"]
[White "Szebeni,P"]
[Black "Argyo,N"]
[Result "1/2-1/2"]
[WhiteElo "1946"]
[BlackElo "2061"]

1.e4 c5 2.Nf3 e6 3.d4 cxd4 4.Nxd4 a6 5.Nc3 b5 6.Bd3 Bb7 7.O-O Ne7 8.Be3 Nec6
9.a3 Nxd4 10.Bxd4 Nc6 11.Be3 Be7 12.f4 d6 13.Qg4 O-O 14.Rf3 g6 15.Rff1 d5
16.exd5 exd5 17.Ne2 d4 18.Bd2 f5 19.Qh3 Bf6 20.Rad1 Qb6 21.Rfe1 b4 22.Kh1 Qc5
23.a4 Ne7 24.Nc1 a5 25.Re2 Ba6 26.Rde1 Nd5 27.Bxa6 Rxa6 28.Nb3 Qc4 29.Qd3 Qxd3
30.cxd3 Raa8 31.g3 Nb6 32.Nc5 Rac8 33.Nb7 Nxa4 34.Nxa5 Nxb2 35.Bxb4 Nxd3
36.Bxf8 Nxe1 37.Rxe1 Kxf8 38.Nb3 Rc3 39.Nd2 Rd3 40.Nc4 Rc3 41.Nd2 Kf7 42.Kg1 g5
43.Kf1 gxf4 44.gxf4 Rd3 45.Re2 Bd8 46.Kg2 Bc7 47.Rf2 Bxf4 48.Nc4 Bc7 49.Rxf5+ Kg6
50.Rc5 Bf4 51.Rd5 Rd1 52.h3 Bg5 53.Kf2 Bh4+ 54.Ke2 Re1+ 55.Kf3 Bf6 56.Kf2 Rc1
57.Nd6 Rc2+ 58.Kf3 Rc3+ 59.Kg2 Re3 60.Nc4 Re8 61.Kg3 h5 62.Kf3 Re1 63.Kf2 Rc1
64.Nd6 Rc3 65.Kg2 h4 66.Ne4 Rc2+ 67.Kf3 Bg7 68.Kg4 Rc6 69.Nd6 Bf6 70.Ne4 Re6
71.Nxf6 Rxf6 72.Rxd4 Kh6  1/2-1/2

[Event "41st Rubinstein Mem Open A"]
[Site "Polanica Zdroj POL"]
[Date "2005.08.24"]
[Round "6"]
[White "Majcher,M"]
[Black "Poznanska,K"]
[Result "1/2-1/2"]
[WhiteElo "2107"]
[BlackElo "2102"]

1.e4 c5 2.Nf3 e6 3.d4 cxd4 4.Nxd4 a6 5.Nc3 b5 6.Be2 Bb7 7.Bf3 b4 8.Na4 Qa5
9.b3 Nf6 10.Qe2 Nc6 11.Bb2 Be7 12.e5 Nxd4 13.Bxd4 Nd5 14.Nb6 Rb8 15.Nc4 Qc7
16.O-O O-O 17.Be4 Nf4 18.Qf3 Bxe4 19.Qxe4 Nd5 20.f4 f5 21.Qd3  1/2-1/2

[Event "Iranian Super League"]
[Site "Iran IRI"]
[Date "2005.08.25"]
[Round "8"]
[White "Sharbaf,M"]
[Black "Mahjoob,M"]
[Result "0-1"]
[WhiteElo "2346"]
[BlackElo "2442"]

1.e4 c5 2.Nc3 a6 3.Nf3 e6 4.d4 cxd4 5.Nxd4 b5 6.Be3 Bb7 7.a3 Qc7 8.Bd3 Nf6
9.O-O Nc6 10.Kh1 Ne5 11.Bf4 d6 12.Qe2 Nxd3 13.cxd3 e5 14.Nd5 Bxd5 15.exd5 Be7
16.Nf5 exf4 17.Rfe1 Ng8 18.Qg4 g6 19.Rac1 Qd8 20.Nd4 Kf8 21.Nc6 Qc8 22.Qxf4 Qf5
23.Qb4 Qxd5 24.Nxe7 Nxe7 25.Rc7 Nf5 26.Qc3 Kg8 27.Re4 h5 28.Qf6 Rf8 29.h3 Rh7
30.Rc3 Qa8 31.Rf4 Qd8 32.Qxd8 Rxd8 33.Rc6 Ra8 34.Kg1 h4 35.a4 Kg7 36.Kh2 Rhh8
37.g4 hxg3+ 38.fxg3 Rhc8  0-1

[Event "Caissa IM August II"]
[Site "Kecskemet HUN"]
[Date "2005.08.25"]
[Round "9"]
[White "Vasvari,T"]
[Black "Eisenbeiser,A"]
[Result "0-1"]
[WhiteElo "2203"]
[BlackElo "2318"]

1.e4 c5 2.Nf3 e6 3.d4 cxd4 4.Nxd4 a6 5.Nc3 b5 6.Bd3 Qb6 7.Be3 Bc5 8.Be2 Nc6
9.Nxc6 dxc6 10.Bxc5 Qxc5 11.Qd3 Nf6 12.O-O-O O-O 13.f4 e5 14.f5 a5 15.g4 a4
16.g5 Nd7 17.a3 b4 18.axb4 Qxb4 19.Qc4 Qb6 20.g6 Nc5 21.gxf7+ Kh8 22.Rhe1 Ra7
23.Rd6 Ba6 24.Qa2 a3 25.Bh5 axb2+ 26.Qxb2 Qa5 27.Re3 Bc4 28.Nd1 Rb7 29.Qc3 Qb5
30.Nb2 Bf1 31.f6 gxf6 32.Rxf6 Bg2 33.Be2 Qb4 34.Qxe5 Nd7  0-1

[Event "Iranian Super League"]
[Site "Iran IRI"]
[Date "2005.08.26"]
[Round "9"]
[White "Petrosian,DG"]
[Black "Moradiabadi,E"]
[Result "0-1"]
[WhiteElo "2380"]
[BlackElo "2502"]

1.e4 c5 2.Nf3 e6 3.d4 cxd4 4.Nxd4 a6 5.Nc3 Qc7 6.Be2 b5 7.O-O Bb7 8.Re1 Nc6
9.Nxc6 dxc6 10.e5 Rd8 11.Bd3 c5 12.Qh5 g6 13.Qh3 Bg7 14.Be4 b4 15.Bg5 Ne7
16.Bxb7 bxc3 17.Bxa6 cxb2 18.Bb5+ Kf8 19.Rab1 h6 20.Bf6 Bxf6 21.exf6 Nd5
22.Qf3 Qa5 23.Bc4 Nb6 24.Qb3 Nxc4 25.Qxc4 h5 26.Re5 Kg8 27.Rxe6 fxe6 28.Qxe6+ Kh7
29.Qe7+ Kh6 30.h4 Rhg8 31.Rxb2 Rde8 32.Qd7 Qe1+ 33.Kh2 Qe5+ 34.g3 Qxf6  0-1

[Event "Rudenko mem"]
[Site "St Petersburg RUS"]
[Date "2005.08.26"]
[Round "7"]
[White "Larina,M"]
[Black "Ambartsumova,K"]
[Result "0-1"]
[WhiteElo "2081"]
[BlackElo "2184"]

1.e4 c5 2.Nf3 e6 3.d4 cxd4 4.Nxd4 a6 5.Nc3 b5 6.Bd3 Qb6 7.Nf3 d6 8.O-O Nf6
9.Be3 Qc7 10.Bf4 Nbd7 11.Re1 Ne5 12.a4 b4 13.Na2 a5 14.Bb5+ Bd7 15.Bxd7+ Nfxd7
16.c3 bxc3 17.Nxc3 Be7 18.Nb5 Qb6 19.Rc1 Nxf3+ 20.Qxf3 Nc5 21.Bxd6 Bxd6 22.Nxd6+ Qxd6
23.e5 Qa6 24.Rxc5 O-O 25.Rec1 Rac8 26.Qc3 Rxc5 27.Qxc5 Rd8 28.g3 h6 29.Qc7 Qa8
30.f4 Qd5 31.Qc4 Qf3 32.Qc3 Rd3 33.Qe1 Qd5 34.Qf1 Rd2 35.Re1 Qd4+ 36.Kh1 Rf2
37.Qb5 Rxb2 38.Qf1 Qd2 39.Qg1 Qd5+  0-1

[Event "XVI ch-NATO"]
[Site "Kolobrzeg POL"]
[Date "2005.08.27"]
[Round "7"]
[White "Cooper,L"]
[Black "Bieluszewski,P"]
[Result "1/2-1/2"]
[WhiteElo "2303"]
[BlackElo "2163"]

1.e4 c5 2.Nc3 e6 3.Nf3 a6 4.d4 cxd4 5.Nxd4 b5 6.Bd3 Qb6 7.Nb3 Qc7 8.O-O Nf6
9.f4 d6 10.Qf3 Bb7 11.Bd2 Nc6 12.Rae1 Be7 13.Qh3 h5 14.Kh1 Qd7 15.Be3 Nb4
16.Bd4 Nxd3 17.cxd3 b4 18.Nb1 a5 19.N3d2 d5 20.e5 Ng4 21.Nb3 Qb5 22.Rc1 Rc8
23.Rxc8+ Bxc8 24.Rc1 Ba6 25.Nc5 g6 26.Nd2 O-O 27.Nxa6 Qxa6 28.Qf3 Rc8 29.Rxc8+ Qxc8
30.Qd1 Nh6 31.Nf3 Nf5 32.Bf2 Qc6 33.Nd4 Nxd4 34.Bxd4 a4 35.b3 a3 36.Qd2 Bf8
37.g3 Be7 38.Kg2 Kg7 39.Kf1 Bd8 40.Ke2 Bb6 41.Bxb6 Qxb6 42.d4 Qb5+  1/2-1/2

[Event "Paul Keres Mem B"]
[Site "Tallinn EST"]
[Date "2005.09.02"]
[Round "6"]
[White "Asauskas,H"]
[Black "Soskov,V"]
[Result "1-0"]
[WhiteElo "2348"]
[BlackElo "2257"]

1.e4 c5 2.Nf3 e6 3.d4 cxd4 4.Nxd4 a6 5.Nc3 Qc7 6.Be2 Nf6 7.a3 b5 8.f4 b4
9.axb4 Bxb4 10.O-O Bxc3 11.bxc3 Nxe4 12.Bd3 Nf6 13.Qe1 O-O 14.Qh4 Bb7 15.f5 e5
16.Bh6 gxh6 17.Qxf6 exd4 18.Qxh6 Qc6 19.Qg5+ Kh8 20.Be4 f6 21.Qh6 Qc5 22.Bxb7 dxc3+
23.Kh1 Ra7 24.Bd5 Nc6 25.Rf3 Ne5 26.Rxc3 Qe7 27.h3 Rb8 28.Qe3 d6 29.Rca3 a5
30.Qh6 Qg7 31.Qh4 Rb5 32.c4 Rb8 33.Rxa5 Rxa5 34.Rxa5 h6 35.Rb5 Rc8 36.Be6 Ra8
37.Qe4 Ra1+ 38.Kh2 Qa7 39.c5 d5 40.Qxd5 Qc7 41.Qd6 Qg7 42.Rb8+ Kh7 43.Bg8+ Kh8
44.Bf7+ Kh7 45.Bg6+ Nxg6 46.fxg6+ Kxg6 47.Qg3+ Kh7 48.Qd3+  1-0

[Event "FSGM September"]
[Site "Budapest HUN"]
[Date "2005.09.03"]
[Round "12"]
[White "Pilgaard,K"]
[Black "Szabo,Kr"]
[Result "1/2-1/2"]
[WhiteElo "2415"]
[BlackElo "2422"]

1.e4 c5 2.Nf3 e6 3.d4 cxd4 4.Nxd4 a6 5.Nc3 Qc7 6.Be2 Nf6 7.O-O Nc6 8.Be3 Be7
9.f4 d6 10.a4 O-O 11.Kh1 Re8 12.Bd3 Nb4 13.a5 Bd7 14.Qe1 Bc6 15.Qg3 Nxd3
16.cxd3 d5 17.e5 Nd7 18.Qh3 Bb4 19.Rf3 Nf8  1/2-1/2

[Event "IX Taca BCX"]
[Site "Brasiliat BRA"]
[Date "2005.09.04"]
[Round "1"]
[White "Silveira,N"]
[Black "Januario,S"]
[Result "1-0"]
[WhiteElo "2244"]
[BlackElo "2099"]

1.e4 c5 2.Nf3 e6 3.d4 cxd4 4.Nxd4 a6 5.Nc3 Qc7 6.Be2 Nc6 7.Be3 Nf6 8.O-O Nxd4
9.Bxd4 Bc5 10.e5 Nd5 11.Nxd5 exd5 12.Bf3 Bxd4 13.Qxd4 Qxc2 14.Rac1 Qg6 15.Qc5 Qc6
16.Qa3 Qe6 17.Rfd1 Qe7 18.Qd6 Qxd6 19.exd6 O-O 20.Bxd5 Re8 21.Re1 Rf8 22.Re7 g6
23.Rce1 Kg7 24.Rxf7+ Rxf7 25.Re7 Kf6 26.Bxf7 a5 27.Bd5 Ra6 28.f4  1-0

[Event "IX Taca BCX"]
[Site "Brasiliat BRA"]
[Date "2005.09.04"]
[Round "1"]
[White "Marra,E"]
[Black "Lima,Da"]
[Result "0-1"]
[WhiteElo "2262"]
[BlackElo "2535"]

1.e4 c5 2.Nf3 a6 3.Nc3 e6 4.d4 cxd4 5.Nxd4 b5 6.Bd3 Bb7 7.O-O d6 8.Be3 Nf6
9.a3 Nbd7 10.f4 Be7 11.Qf3 Nc5 12.b4 Nxd3 13.cxd3 Rc8 14.Rac1 O-O 15.g4 Nd7
16.g5 Re8 17.h4 Bf8 18.h5 g6 19.h6 f5 20.Nb3 Qe7 21.Bd2 Qf7 22.Na5 Ba8 23.Qg3 Nb6
24.Qe3 Nd7 25.Qa7 Ne5 26.Qxa6 Nxd3 27.Nd5 Bxd5 28.Rxc8 fxe4 29.Rxe8 Qxe8
30.Qa7 Qc8 31.Qd4 Ba8 32.Kh2 e5 33.fxe5 Nxe5 34.Bf4 Qc2+ 35.Kg3 e3  0-1

[Event "FSIMB September"]
[Site "Budapest HUN"]
[Date "2005.09.04"]
[Round "2"]
[White "Stupavski,Z"]
[Black "Vasilkova,S"]
[Result "1-0"]
[WhiteElo "2337"]
[BlackElo "2308"]

1.e4 c5 2.Nf3 e6 3.d4 cxd4 4.Nxd4 a6 5.Nc3 d6 6.g3 Nf6 7.Bg2 Be7 8.O-O Qc7
9.a4 O-O 10.Be3 Bd7 11.a5 Nc6 12.Nxc6 Bxc6 13.Bb6 Qd7 14.Qe2 Bd8 15.Be3 b5
16.axb6 Qb7 17.Rfd1 Bxb6 18.Rxd6 Bxe3 19.Qxe3 Rfc8 20.Ra2 Rd8 21.Rxd8+ Rxd8
22.h3 e5 23.Qe2 Ra8 24.Qc4 h6 25.b3 Ne8 26.Nd5 Kh7 27.Ne7 Qxe7 28.Qxc6 Nc7
29.Ra4 Rd8 30.Rc4 Rd7 31.Bf3 Ne6 32.Qxa6 Nd4 33.Bg4 Ra7 34.Qb6 Ra1+ 35.Kg2 Rb1
36.Qc7 Qf6 37.Rc5 Qa6 38.Rc4 Qa1 39.Rxd4 Rg1+ 40.Kf3 h5 41.Bf5+ Kh6 42.Qxf7  1-0